Kraje zaczynające się na C - Statystyki

Ogólne statystyki
  • Ten quiz został rozwiązany 524 razy
  • Średni wynik to 6 z 7
Statystyki odpowiedzi
Kraj Kontynent % Poprawnych
Czechy Europa
94%
Chiny Azja
86%
Chorwacja Europa
86%
Chile Ameryka Południowa
85%
Cypr Europa/Azja
83%
Czarnogóra Europa
81%
Czad Afryka
75%
Nie znaleziono quizów pasujących do podanych kryteriów
Rozkład punktacji
Procent ludzi z każdym wynikiem
Percentyl według liczby udzielonych odpowiedzi
Twoja historia wyników
Nie rozwiązałeś tego quizu